000 00558cam a2200193 4500500
005 20260329003908.0
041 _afre
042 _adc
100 1 0 _aNathan, Tobie
_eauthor
245 0 0 _aSurf. Sur les lèvres des vagues
260 _c2017.
500 _a25
690 _aHawaï
690 _aSurf
690 _aTobie Nathan
690 _aVague
786 0 _nPhilosophie magazine | 111 | 7-8 | 2017-07-01 | p. 16-16 | 1951-1787
856 4 1 _uhttps://shs.cairn.info/magazine-philosophie-magazine-2017-7-8-page-16?lang=fr&redirect-ssocas=7080
999 _c1828777
_d1828777